[Event "NAYCC U12"]
[Site "Kingston CAN"]
[Date "2019.08.16"]
[Round "1.86"]
[White "Padhye, Rohan"]
[Black "Wang, Andrew"]
[Result "1-0"]
[WhiteElo "1628"]
[BlackElo "1124"]
[PlyCount "33"]
[EventDate "2019.08.16"]
[EventType "swiss"]
[EventRounds "9"]
[EventCountry "CAN"]

1. e4 e5 2. Nf3 Nf6 3. Nxe5 d6 4. Nf3 Nxe4 5. Nc3 Nxc3 6. dxc3 Be7 7. Be3 Nc6
8. Qd2 Be6 9. O-O-O d5 10. Kb1 Qd7 11. Be2 O-O-O 12. Nd4 Kb8 13. Bb5 Ka8 14.
Nxc6 bxc6 15. Qd4 c5 16. Qa4 Qd6 17. Bc6+ 1-0

[Event "NAYCC U12"]
[Site "Kingston CAN"]
[Date "2019.08.16"]
[Round "1.87"]
[White "Lim, Nicolas"]
[Black "Tay, Brian"]
[Result "0-1"]
[WhiteElo "1120"]
[BlackElo "1622"]
[PlyCount "76"]
[EventDate "2019.08.16"]
[EventType "swiss"]
[EventRounds "9"]
[EventCountry "CAN"]

1. c4 Nf6 2. Nc3 g6 3. g3 Bg7 4. Bg2 O-O 5. d4 d6 6. e3 Nbd7 7. Nge2 e5 8. d5
a5 9. b3 Nc5 10. Ba3 Nfd7 11. Bxc5 Nxc5 12. e4 f5 13. exf5 Bxf5 14. O-O Qd7 15.
Nb5 Rae8 16. Qd2 Re7 17. Nec3 Bh3 18. Rfe1 Ref7 19. Bxh3 Qxh3 20. Re2 e4 21.
Rf1 Bh6 22. Qc2 e3 23. f4 g5 24. Rxe3 gxf4 25. Ref3 fxg3 26. Rxg3+ Qxg3+ 27.
hxg3 Rxf1+ 28. Kg2 Be3 29. Nd1 Rg1+ 30. Kh2 Re1 31. Nxe3 Rxe3 32. Nxc7 Ne4 33.
Kh1 Rf2 34. Qc1 Ree2 35. Qg1 Ng5 36. Qc1 Rh2+ 37. Kg1 Nh3+ 38. Kf1 Rhf2# 0-1

[Event "NAYCC U12"]
[Site "Kingston CAN"]
[Date "2019.08.16"]
[Round "1.88"]
[White "He, Zekai"]
[Black "Pride, Avian"]
[Result "1-0"]
[WhiteElo "1620"]
[BlackElo "1116"]
[PlyCount "91"]
[EventDate "2019.08.16"]
[EventType "swiss"]
[EventRounds "9"]
[EventCountry "CAN"]

1. e4 e5 2. Nf3 Nc6 3. Bc4 d6 4. O-O Bg4 5. c3 Be7 6. d3 h6 7. Nbd2 Nf6 8. h3
Bxf3 9. Nxf3 O-O 10. Re1 d5 11. exd5 Nxd5 12. Nxe5 Nxe5 13. Rxe5 c6 14. Re1 Re8
15. Bd2 b5 16. Bb3 Nf6 17. d4 Bd6 18. Qf3 Rxe1+ 19. Rxe1 Bc7 20. Qxc6 Rb8 21.
Qf3 Qd7 22. Bf4 Bxf4 23. Qxf4 Re8 24. Rxe8+ Qxe8 25. Qe5 Qxe5 26. dxe5 Nd7 27.
e6 fxe6 28. Bxe6+ Kf8 29. Bxd7 a6 30. b3 Ke7 31. Bg4 Kd6 32. Kf1 Kc5 33. Ke2 a5
34. Kd3 b4 35. c4 g5 36. g3 Kc6 37. Kd4 Kc7 38. f4 gxf4 39. gxf4 Kd6 40. f5 Kc6
41. f6 Kd6 42. c5+ Kc6 43. f7 Kb5 44. f8=Q Kc6 45. Qc8+ Kb5 46. Qb7# 1-0

[Event "NAYCC U12"]
[Site "Kingston CAN"]
[Date "2019.08.16"]
[Round "1.89"]
[White "Kriemadis, Noah"]
[Black "Chan, Jaden"]
[Result "0-1"]
[WhiteElo "1114"]
[BlackElo "1578"]
[PlyCount "52"]
[EventDate "2019.08.16"]
[EventType "swiss"]
[EventRounds "9"]
[EventCountry "CAN"]

1. d4 Nf6 2. Bf4 g6 3. Nf3 Bg7 4. e3 O-O 5. Bd3 d5 6. O-O Bg4 7. h3 Be6 8. Nbd2
h6 9. c3 Nbd7 10. Qc2 c5 11. Bxg6 fxg6 12. Qxg6 Bf7 13. Qg3 Nh5 14. Qg4 Ndf6
15. Qf5 e6 16. Qc2 Nxf4 17. exf4 Qc7 18. Ne5 cxd4 19. Ndf3 dxc3 20. bxc3 Rac8
21. c4 dxc4 22. g4 Nd5 23. g5 Nxf4 24. gxh6 Bxe5 25. Ng5 Bg6 26. h7+ Bxh7 0-1

[Event "NAYCC U12"]
[Site "Kingston CAN"]
[Date "2019.08.16"]
[Round "1.90"]
[White "Bocan, Richard"]
[Black "Puri, Dylan"]
[Result "1-0"]
[WhiteElo "1570"]
[BlackElo "1072"]
[PlyCount "45"]
[EventDate "2019.08.16"]
[EventType "swiss"]
[EventRounds "9"]
[EventCountry "CAN"]

1. d4 d5 2. c4 e6 3. Nc3 Nf6 4. cxd5 Nxd5 5. e4 Nxc3 6. bxc3 Nc6 7. Nf3 f6 8.
Bd3 Bd6 9. O-O O-O 10. Qe2 b6 11. e5 fxe5 12. Qe4 Rxf3 13. Qxh7+ Kf8 14. gxf3
Ne7 15. Bg5 Ke8 16. Qh8+ Kd7 17. Bb5+ c6 18. Bxc6+ Kc7 19. Qxd8+ Kxd8 20. Bxa8
Ba6 21. Rfd1 Be2 22. Rd2 Bb5 23. dxe5 1-0

[Event "NAYCC U12"]
[Site "Kingston CAN"]
[Date "2019.08.16"]
[Round "1.91"]
[White "Chen, Andrew"]
[Black "He, Samuel"]
[Result "1/2-1/2"]
[WhiteElo "1040"]
[BlackElo "1568"]
[PlyCount "145"]
[EventDate "2019.08.16"]
[EventType "swiss"]
[EventRounds "9"]
[EventCountry "CAN"]

1. c4 c6 2. Nc3 Nf6 3. d4 d5 4. Nf3 e6 5. e3 Bb4 6. Bd2 O-O 7. a3 Ba5 8. b4 Bc7
9. Be2 Nbd7 10. Bc1 e5 11. dxe5 Nxe5 12. cxd5 cxd5 13. Bb2 Nxf3+ 14. Bxf3 Be6
15. O-O Qd6 16. g3 a6 17. Bg2 Bg4 18. Qd3 h5 19. Nxd5 Nxd5 20. Qxd5 Qxd5 21.
Bxd5 Rab8 22. Rac1 Bd6 23. f3 Bh3 24. Rfd1 Rfd8 25. e4 Rd7 26. Bd4 Be7 27. Bb6
Bd8 28. Ba7 Ra8 29. Be3 Bf6 30. Rd2 a5 31. Rdc2 axb4 32. Rc8+ Rd8 33. Rxd8+
Bxd8 34. axb4 Ra3 35. Bf2 Rxf3 36. Bxb7 Be7 37. Bc8 Bxc8 38. Rxc8+ Kh7 39. b5
Rb3 40. b6 Rb1+ 41. Kg2 Rb2 42. Rc7 Bd8 43. Rc6 h4 44. Kf1 Rb1+ 45. Ke2 hxg3
46. Bxg3 Bxb6 47. Kf3 Rb3+ 48. Kf4 Be3+ 49. Kf5 Bd4 50. e5 Rb2 51. Rc7 f6 52.
e6 Re2 53. e7 g6+ 54. Kg4 Kg8 55. Rc8+ Kf7 56. Bd6 Re4+ 57. Kf3 Re3+ 58. Kg2
Rxe7 59. Bxe7 Kxe7 60. h4 Kf7 61. Kf3 Kg7 62. Kg4 f5+ 63. Kf4 Kh6 64. Rc1 Kh5
65. Rf1 Bc5 66. Rd1 Bf2 67. Rf1 Bd4 68. Rd1 Bf6 69. Rb1 Be7 70. Rd1 Bb4 71. Rd4
Ba3 72. Rd1 Kh6 73. h5 1/2-1/2

[Event "NAYCC U12"]
[Site "Kingston CAN"]
[Date "2019.08.16"]
[Round "1.92"]
[White "Liu, Joshua"]
[Black "Odrcich, Evan"]
[Result "1-0"]
[WhiteElo "1562"]
[BlackElo "878"]
[PlyCount "97"]
[EventDate "2019.08.16"]
[EventType "swiss"]
[EventRounds "9"]
[EventCountry "CAN"]

1. d4 d5 2. Nf3 Bf5 3. Bf4 e6 4. e3 Nf6 5. c3 a6 6. Qb3 b5 7. a4 Nbd7 8. Nbd2
Bd6 9. Bg3 O-O 10. Be2 Re8 11. O-O bxa4 12. Qxa4 a5 13. Nh4 Be4 14. Nxe4 Nxe4
15. Bb5 Re7 16. Nf3 Ndf6 17. Ne5 Bxe5 18. Bxe5 Ng4 19. Bg3 c5 20. dxc5 Nxc5 21.
Qxg4 Rb7 22. Bc6 Rxb2 23. Bxa8 Qxa8 24. c4 Nb3 25. Rfb1 Nxa1 26. Rxb2 dxc4 27.
Rb8+ Qxb8 28. Bxb8 c3 29. Qc4 h6 30. Qxc3 a4 31. Qxa1 Kh7 32. Be5 f6 33. Bxf6
gxf6 34. Qxf6 a3 35. Qxe6 h5 36. Kf1 h4 37. Ke2 h3 38. gxh3 a2 39. Qxa2 Kg6 40.
Qd5 Kf6 41. Kf3 Ke7 42. Qc6 Kf7 43. Qd6 Kg7 44. Qe6 Kh7 45. Qg4 Kh6 46. Kf4 Kh7
47. Kf5 Kh8 48. Kf6 Kh7 49. Qg7# 1-0

[Event "NAYCC U12"]
[Site "Kingston CAN"]
[Date "2019.08.16"]
[Round "1.94"]
[White "Navala, Anthony"]
[Black "Prince, Aaron Joseph"]
[Result "1-0"]
[WhiteElo "1540"]
[BlackElo "791"]
[PlyCount "47"]
[EventDate "2019.08.16"]
[EventType "swiss"]
[EventRounds "9"]
[EventCountry "CAN"]

1. d4 Nf6 2. c4 g6 3. Nc3 Bg7 4. e4 d6 5. Nf3 O-O 6. Be2 e6 7. O-O c6 8. Bg5 h6
9. Bf4 d5 10. exd5 cxd5 11. Nb5 Nc6 12. c5 Ne4 13. Nd2 Nxd4 14. Nxd4 Bxd4 15.
Nxe4 Bxb2 16. Rb1 dxe4 17. Rxb2 Qf6 18. Qd2 Rd8 19. Bd6 e5 20. Qxh6 b6 21. Rd2
bxc5 22. Bxe5 e3 23. Rxd8+ Qxd8 24. Qh8# 1-0

[Event "NAYCC U12"]
[Site "Kingston CAN"]
[Date "2019.08.16"]
[Round "1.95"]
[White "Zheng, Jerry"]
[Black "Iyer, Vedanth"]
[Result "0-1"]
[WhiteElo "772"]
[BlackElo "1537"]
[PlyCount "82"]
[EventDate "2019.08.16"]
[EventType "swiss"]
[EventRounds "9"]
[EventCountry "CAN"]

1. e4 e5 2. Nf3 Nc6 3. Bb5 Nf6 4. Nc3 Bd6 5. O-O O-O 6. d3 a6 7. Ba4 h6 8. Nh4
Nxe4 9. dxe4 Qxh4 10. Re1 Bc5 11. Be3 Bxe3 12. Rxe3 d6 13. Ne2 Ne7 14. Ng3 Ng6
15. Bb3 Be6 16. Bd5 Rab8 17. Rf3 Bg4 18. Nf5 Qh5 19. Qd3 Bxf3 20. Qxf3 Qxf3 21.
gxf3 Nf4 22. Kh1 Nxd5 23. exd5 Kh7 24. Rg1 g6 25. Nh4 Rfe8 26. Rg4 h5 27. Re4
f5 28. Rc4 Rbc8 29. a4 e4 30. fxe4 Rxe4 31. Rxe4 fxe4 32. Ng2 Re8 33. Kg1 Kh6
34. h4 g5 35. Kf1 gxh4 36. Nxh4 Kg5 37. Ng2 h4 38. Ne3 h3 39. Kg1 Kf4 40. Kh2
Kf3 41. Kxh3 Rh8# 0-1

[Event "NAYCC U12"]
[Site "Kingston CAN"]
[Date "2019.08.16"]
[Round "1.96"]
[White "Huang, Edison"]
[Black "Milardovic, Ivan"]
[Result "1-0"]
[WhiteElo "1516"]
[BlackElo "707"]
[PlyCount "63"]
[EventDate "2019.08.16"]
[EventType "swiss"]
[EventRounds "9"]
[EventCountry "CAN"]

1. e4 e5 2. Nf3 Nc6 3. Bb5 Nd4 4. Bc4 Nxf3+ 5. Qxf3 Nf6 6. Nc3 Bc5 7. O-O O-O
8. d3 d6 9. h3 c6 10. Bg5 d5 11. exd5 cxd5 12. Nxd5 Be7 13. Nxe7+ Qxe7 14. Rfe1
Qd6 15. Rad1 Rb8 16. d4 exd4 17. Bf4 Qb4 18. Bxb8 Qxc4 19. Be5 Re8 20. Bxf6
Rxe1+ 21. Rxe1 gxf6 22. Qxf6 Bd7 23. Re7 Bb5 24. Rxb7 Be8 25. Qg5+ Kf8 26. Qe7+
Kg7 27. Qxe8 Kg6 28. Qe4+ Kf6 29. Qf4+ Kg7 30. Qg5+ Kf8 31. Rb8+ Qc8 32. Rxc8#
1-0

[Event "NAYCC U12"]
[Site "Kingston CAN"]
[Date "2019.08.16"]
[Round "1.97"]
[White "Beechener, Mark"]
[Black "Li, Justin Y"]
[Result "0-1"]
[WhiteElo "240"]
[BlackElo "1734"]
[PlyCount "34"]
[EventDate "2019.08.16"]
[EventType "swiss"]
[EventRounds "9"]
[EventCountry "CAN"]

1. d3 Nf6 2. Bf4 d6 3. Nc3 e5 4. Rb1 exf4 5. Rc1 Nc6 6. a3 Bf5 7. b3 Be7 8. Na2
O-O 9. Rb1 Re8 10. Qc1 Nd5 11. Ra1 Bg5 12. Nf3 Bh6 13. a4 Ne5 14. Rg1 Bg4 15.
Qb1 Bxf3 16. exf3 Nxf3+ 17. Kd1 Re1# 0-1

[Event "NAYCC U12"]
[Site "Kingston CAN"]
[Date "2019.08.16"]
[Round "2.60"]
[White "Sloan, Jed"]
[Black "Liang, Jason"]
[Result "1/2-1/2"]
[WhiteElo "1942"]
[BlackElo "2250"]
[PlyCount "67"]
[EventDate "2019.08.16"]
[EventType "swiss"]
[EventRounds "9"]
[EventCountry "CAN"]

1. e4 c5 2. Nf3 d6 3. Bb5+ Bd7 4. Bxd7+ Qxd7 5. O-O Nc6 6. Re1 Nf6 7. c3 e6 8.
d4 cxd4 9. cxd4 d5 10. e5 Ne4 11. Nbd2 Nxd2 12. Bxd2 Be7 13. Rc1 O-O 14. Rc3
Rac8 15. a3 a6 16. Rd3 Qd8 17. h4 Na5 18. Ng5 Nc4 19. Qh5 Bxg5 20. Bxg5 f6 21.
exf6 g6 22. Qh6 Rf7 23. h5 gxh5 24. Rg3 Qd7 25. b3 Nb6 26. Bf4+ Kh8 27. Rg7
Rxg7 28. fxg7+ Kg8 29. Be5 Qf7 30. Rc1 Qe8 31. Rxc8 Nxc8 32. Qc1 Qc6 33. Qg5
Qe8 34. Qc1 1/2-1/2

[Event "NAYCC U12"]
[Site "Kingston CAN"]
[Date "2019.08.16"]
[Round "2.61"]
[White "Liu, Henry"]
[Black "Xu, Arthur"]
[Result "1-0"]
[WhiteElo "1952"]
[BlackElo "2176"]
[PlyCount "117"]
[EventDate "2019.08.16"]
[EventType "swiss"]
[EventRounds "9"]
[EventCountry "CAN"]

1. c4 e6 2. g3 d5 3. cxd5 exd5 4. d4 Nf6 5. Nc3 Be7 6. Bg2 O-O 7. Nf3 b6 8. O-O
Bb7 9. Bf4 Na6 10. Rc1 c5 11. a3 h6 12. dxc5 Nxc5 13. Nd4 Nfe4 14. b4 g5 15.
bxc5 bxc5 16. Nxe4 dxe4 17. Nf5 gxf4 18. Qxd8 Bxd8 19. gxf4 Bc7 20. Nxh6+ Kh7
21. Ng4 Bxf4 22. Rxc5 f5 23. Ne3 Kg6 24. Rb1 Rab8 25. Bh3 Bxe3 26. fxe3 Rbc8
27. Bxf5+ Rxf5 28. Rxf5 Kxf5 29. Rxb7 Rc3 30. Rxa7 Rxe3 31. Kf2 Rh3 32. a4
Rxh2+ 33. Ke3 Rh3+ 34. Kd4 Rh2 35. Ra5+ Kf4 36. e3+ Kf3 37. Rf5+ Ke2 38. Kxe4
Rh4+ 39. Rf4 Rh8 40. Rg4 Re8+ 41. Kd4 Rd8+ 42. Kc5 Kf3 43. Rd4 Rc8+ 44. Kb6
Kxe3 45. Rd7 Rc1 46. a5 Rb1+ 47. Ka7 Ke4 48. a6 Ke5 49. Rb7 Rh1 50. Kb8 Kd6 51.
Rc7 Rh8+ 52. Kb7 Rh1 53. a7 Rb1+ 54. Kc8 Ra1 55. Kb8 Ra2 56. Rb7 Rh2 57. a8=Q
Rh8+ 58. Ka7 Rxa8+ 59. Kxa8 1-0

[Event "NAYCC U12"]
[Site "Kingston CAN"]
[Date "2019.08.16"]
[Round "2.62"]
[White "Xu, Jayden"]
[Black "Li, Thomas"]
[Result "1/2-1/2"]
[WhiteElo "1649"]
[BlackElo "1923"]
[PlyCount "52"]
[EventDate "2019.08.16"]
[EventType "swiss"]
[EventRounds "9"]
[EventCountry "CAN"]

1. d4 Nf6 2. c4 g6 3. Nc3 Bg7 4. e4 d6 5. Nge2 O-O 6. Ng3 c5 7. d5 Nbd7 8. Be2
Ne5 9. f4 Ned7 10. O-O Re8 11. Be3 Nf8 12. a3 a6 13. Rb1 e6 14. b4 b6 15. Qd2
exd5 16. cxd5 h5 17. e5 dxe5 18. fxe5 Rxe5 19. Bg5 N8h7 20. Bf4 Re8 21. Bf3 Bg4
22. bxc5 Bxf3 23. Rxf3 bxc5 24. Rb7 Nd7 25. Nge4 Nhf6 26. Bc7 Nxe4 1/2-1/2

[Event "NAYCC U12"]
[Site "Kingston CAN"]
[Date "2019.08.16"]
[Round "2.63"]
[White "Tu, Lawrence"]
[Black "Padhye, Rohan"]
[Result "0-1"]
[WhiteElo "1919"]
[BlackElo "2007"]
[PlyCount "124"]
[EventDate "2019.08.16"]
[EventType "swiss"]
[EventRounds "9"]
[EventCountry "CAN"]

1. c4 Nf6 2. Nc3 e5 3. Nf3 Nc6 4. g3 d5 5. cxd5 Nxd5 6. Bg2 Nb6 7. O-O Be7 8.
d3 O-O 9. b3 Nd4 10. Bb2 Nxf3+ 11. Bxf3 c6 12. Ne4 Bh3 13. Bg2 Bxg2 14. Kxg2
Qc7 15. Rc1 f5 16. Nc5 Bxc5 17. Rxc5 Rae8 18. Qd2 Nd7 19. Rc4 c5 20. f4 exf4
21. Rcxf4 Qc6+ 22. Kg1 Qg6 23. d4 cxd4 24. Qxd4 Qb6 25. Rxf5 Rxf5 26. Rxf5 Rxe2
27. Qxb6 Nxb6 28. Rf2 Re1+ 29. Kg2 g6 30. Rc2 Nd5 31. Kf2 Rh1 32. Kf3 Kf7 33.
Ke4 Nf6+ 34. Bxf6 Kxf6 35. Kd5 Rd1+ 36. Kc5 Rd7 37. Re2 Re7 38. Rd2 Rc7+ 39.
Kd6 Rg7 40. Rf2+ Kg5 41. h3 h5 42. Rf4 Kh6 43. h4 a6 44. a4 g5 45. Rf6+ Kh7 46.
hxg5 Rxg5 47. Rf7+ Kg8 48. Rxb7 Rxg3 49. Ke5 h4 50. Kd6 h3 51. Rb4 Rg6+ 52. Kc7
Rg7+ 53. Kb6 h2 54. Rh4 Rh7 55. Rxh2 Rxh2 56. b4 Rb2 57. Kxa6 Rxb4 58. a5 Kf8
59. Ka7 Ke8 60. a6 Kd7 61. Ka8 Kc6 62. a7 Rd4 0-1

[Event "NAYCC U12"]
[Site "Kingston CAN"]
[Date "2019.08.16"]
[Round "2.65"]
[White "He, Zekai"]
[Black "Latorre, Vincent"]
[Result "1/2-1/2"]
[WhiteElo "1318"]
[BlackElo "1859"]
[PlyCount "65"]
[EventDate "2019.08.16"]
[EventType "swiss"]
[EventRounds "9"]
[EventCountry "CAN"]

1. e4 c5 2. Nc3 Nc6 3. g3 e6 4. Bg2 Nge7 5. Nge2 a6 6. O-O g6 7. d3 Bg7 8. f4
O-O 9. g4 d5 10. e5 f6 11. exf6 Bxf6 12. h3 Nd4 13. Kh1 Nec6 14. Nxd4 cxd4 15.
Ne2 Bg7 16. Bd2 Ne7 17. a3 Qc7 18. Rc1 Bd7 19. c3 dxc3 20. Bxc3 Bc6 21. Bxg7
Kxg7 22. Nd4 Qd6 23. Qe1 Bd7 24. Rd1 Rf6 25. g5 Rf7 26. Nxe6+ Kg8 27. Nd4 Re8
28. Qd2 Ref8 29. Qe3 Nc6 30. Ne2 Re8 31. Qf3 Ne7 32. Nd4 Ref8 33. Qe3 1/2-1/2

[Event "NAYCC U12"]
[Site "Kingston CAN"]
[Date "2019.08.16"]
[Round "2.66"]
[White "Mundayat, Abinav"]
[Black "Bocan, Richard"]
[Result "1-0"]
[WhiteElo "2081"]
[BlackElo "1601"]
[PlyCount "81"]
[EventDate "2019.08.16"]
[EventType "swiss"]
[EventRounds "9"]
[EventCountry "CAN"]

1. e4 c6 2. c4 d5 3. cxd5 cxd5 4. exd5 Nf6 5. Nc3 Nxd5 6. Nf3 Nc6 7. Bb5 Nb6 8.
O-O Bg4 9. h3 Bh5 10. Be2 e6 11. d4 Be7 12. Be3 O-O 13. Rc1 Bg6 14. a3 Bf6 15.
Bb5 Ne7 16. Qd2 a6 17. Bd3 Bxd3 18. Qxd3 Qd7 19. Ne4 Ned5 20. Nxf6+ Nxf6 21.
Ne5 Qe7 22. d5 Nbxd5 23. Bc5 Qc7 24. Bxf8 Qxe5 25. Bc5 Rd8 26. Rfe1 Qb8 27.
Red1 b6 28. Be7 Rc8 29. Bxf6 gxf6 30. Qxa6 Rc7 31. Qd3 Rc5 32. Rxc5 bxc5 33.
Qg3+ Qxg3 34. fxg3 c4 35. a4 Kf8 36. Rc1 c3 37. bxc3 Ke7 38. a5 Kd7 39. a6 Nc7
40. a7 Na8 41. Rb1 1-0

[Event "NAYCC U12"]
[Site "Kingston CAN"]
[Date "2019.08.16"]
[Round "2.67"]
[White "Ning, Eric"]
[Black "Liu, Joshua"]
[Result "1-0"]
[WhiteElo "2135"]
[BlackElo "1562"]
[PlyCount "79"]
[EventDate "2019.08.16"]
[EventType "swiss"]
[EventRounds "9"]
[EventCountry "CAN"]

1. d4 Nf6 2. c4 e6 3. g3 d5 4. Bg2 b6 5. Nc3 Bb7 6. Nf3 Nbd7 7. O-O Be7 8. Ne5
c6 9. f4 Qc7 10. e3 dxc4 11. Nxc4 Ba6 12. Qa4 Nb8 13. Rd1 b5 14. Qa5 Bd8 15.
Qxc7 Bxc7 16. Ne5 Nd5 17. e4 Nxc3 18. bxc3 Bb6 19. Ba3 Nd7 20. Nxc6 Rc8 21. Nb4
Rxc3 22. Bb2 Rc4 23. Nxa6 f6 24. Bf1 Rc2 25. Rab1 e5 26. Nb4 Rxb2 27. Rxb2
Bxd4+ 28. Rxd4 exd4 29. Bxb5 Ke7 30. Rd2 d3 31. Bxd7 Kxd7 32. Rxd3+ Kc7 33.
Nd5+ Kc6 34. Ra3 Kb7 35. Rc3 Rg8 36. Rc7+ Ka6 37. Kf2 h6 38. Ke3 Rb8 39. Rxg7
Rb2 40. Rf7 1-0

[Event "NAYCC U12"]
[Site "Kingston CAN"]
[Date "2019.08.16"]
[Round "2.68"]
[White "Chan, Jaden"]
[Black "Levine, Jack"]
[Result "0-1"]
[WhiteElo "1578"]
[BlackElo "2198"]
[PlyCount "56"]
[EventDate "2019.08.16"]
[EventType "swiss"]
[EventRounds "9"]
[EventCountry "CAN"]

1. e4 c5 2. c3 d5 3. exd5 Qxd5 4. d4 cxd4 5. cxd4 e5 6. Nf3 Nc6 7. Be3 Bg4 8.
Be2 exd4 9. Bxd4 Nxd4 10. Nxd4 Qxg2 11. Rf1 Bxe2 12. Qxe2+ Be7 13. Nf5 Kf8 14.
Qe5 Bb4+ 15. Nc3 Re8 16. Qxe8+ Kxe8 17. Kd2 Qd5+ 18. Kc2 Qxf5+ 19. Kb3 Bxc3 20.
bxc3 f6 21. Rfe1+ Ne7 22. Rad1 Kf7 23. Re3 Rc8 24. Rde1 Nd5 25. Rg3 Qxf2 26.
Reg1 b5 27. Rxg7+ Ke6 28. R1g4 Rxc3# 0-1

[Event "NAYCC U12"]
[Site "Kingston CAN"]
[Date "2019.08.16"]
[Round "2.69"]
[White "Srinivasan, Hemant"]
[Black "Navala, Anthony"]
[Result "1-0"]
[WhiteElo "1695"]
[BlackElo "1348"]
[PlyCount "107"]
[EventDate "2019.08.16"]
[EventType "swiss"]
[EventRounds "9"]
[EventCountry "CAN"]

1. d4 Nf6 2. c4 g6 3. Nc3 Bg7 4. e4 d6 5. Nf3 O-O 6. Be2 Nbd7 7. O-O e5 8. d5
Nc5 9. Qc2 a5 10. Be3 b6 11. a3 Ng4 12. Bd2 f5 13. b4 Nxe4 14. Nxe4 fxe4 15.
Ng5 e3 16. Bxg4 exf2+ 17. Rxf2 Rxf2 18. Bxc8 Rxd2 19. Be6+ Kf8 20. Qxd2 Bf6 21.
Nxh7+ Kg7 22. Nxf6 Qxf6 23. Rf1 Qh4 24. Rf7+ Kh8 25. Qf2 Qd4 26. Qxd4 exd4 27.
b5 Re8 28. Kf2 Rg8 29. Rxc7 Rf8+ 30. Rf7 Kg8 31. Rxf8+ Kxf8 32. Ke2 Ke7 33. Kd3
Kf6 34. Kxd4 Ke7 35. Ke4 Kf6 36. h4 a4 37. Kf4 g5+ 38. hxg5+ Ke7 39. Kf5 Kf8
40. Kf6 Ke8 41. g6 Kd8 42. g7 Kc7 43. g8=Q Kb7 44. Qc8+ Ka7 45. Qc7+ Ka8 46.
Qc8+ Ka7 47. Qa6+ Kb8 48. Qxb6+ Ka8 49. Qd8+ Ka7 50. b6+ Ka6 51. Bc8+ Ka5 52.
b7+ Ka6 53. b8=N+ Ka7 54. Nc6+ 1-0

[Event "NAYCC U12"]
[Site "Kingston CAN"]
[Date "2019.08.16"]
[Round "2.70"]
[White "Fini, Thomas"]
[Black "Lancman, Kyle"]
[Result "0-1"]
[WhiteElo "1859"]
[BlackElo "1806"]
[PlyCount "86"]
[EventDate "2019.08.16"]
[EventType "swiss"]
[EventRounds "9"]
[EventCountry "CAN"]

1. e4 c5 2. Nf3 g6 3. d4 cxd4 4. Nxd4 Nc6 5. c4 Nf6 6. Nc3 d6 7. Be2 Nxd4 8.
Qxd4 Bg7 9. Be3 O-O 10. Qd1 Be6 11. Rc1 Qa5 12. O-O Rfc8 13. b3 a6 14. f3 b5
15. Nd5 Nxd5 16. exd5 Bf5 17. Qd2 Qxd2 18. Bxd2 Bd4+ 19. Kh1 bxc4 20. g4 Bd3
21. Bxd3 cxd3 22. Rfd1 Rc2 23. Bg5 Be5 24. Rxd3 Rxh2+ 25. Kg1 Rxa2 26. Bxe7 Re8
27. Bg5 Bb2 28. Rcd1 Re2 29. R1d2 Ra1+ 30. Rd1 Ra2 31. R1d2 Rxd2 32. Rxd2 Ra1+
33. Kg2 Bc1 34. Bf6 Bxd2 35. Bxa1 Bf4 36. Kf2 Be5 37. Bxe5 dxe5 38. Ke3 Kf8 39.
g5 Ke7 40. Ke4 f6 41. f4 exf4 42. Kxf4 fxg5+ 43. Kxg5 Kd6 0-1

[Event "NAYCC U12"]
[Site "Kingston CAN"]
[Date "2019.08.16"]
[Round "2.71"]
[White "Liu, Kevin"]
[Black "Huang, Edison"]
[Result "0-1"]
[WhiteElo "1796"]
[BlackElo "1653"]
[PlyCount "62"]
[EventDate "2019.08.16"]
[EventType "swiss"]
[EventRounds "9"]
[EventCountry "CAN"]

1. c4 Nf6 2. g3 g6 3. Bg2 Bg7 4. e4 d6 5. Nc3 O-O 6. Nge2 e5 7. O-O Na6 8. d3
c6 9. h3 Be6 10. f4 Qd7 11. Kh2 h5 12. a3 Nh7 13. Qc2 Rac8 14. b3 b5 15. Qd2
Nc5 16. Rb1 bxc4 17. dxc4 f5 18. Rd1 Rcd8 19. Qc2 Qe7 20. b4 Nxe4 21. Nxe4 fxe4
22. fxe5 Bxe5 23. Be3 d5 24. Nd4 Rc8 25. Nxe6 Qxe6 26. Bxa7 h4 27. Bf2 Rxf2 28.
Qc1 hxg3+ 29. Kh1 Rcf8 30. cxd5 cxd5 31. Qh6 R8f5 0-1

[Event "NAYCC U12"]
[Site "Kingston CAN"]
[Date "2019.08.16"]
[Round "2.72"]
[White "Iyer, Vedanth"]
[Black "Ajith, Aayush"]
[Result "0-1"]
[WhiteElo "1525"]
[BlackElo "1847"]
[PlyCount "130"]
[EventDate "2019.08.16"]
[EventType "swiss"]
[EventRounds "9"]
[EventCountry "CAN"]

1. e4 c5 2. Nf3 d6 3. d4 cxd4 4. Nxd4 Nf6 5. Nc3 a6 6. Be3 e5 7. Nb3 Be6 8. f3
Be7 9. Qd2 Nbd7 10. g4 b5 11. g5 b4 12. gxf6 bxc3 13. Qxc3 Nxf6 14. Rg1 d5 15.
exd5 Nxd5 16. Qc6+ Kf8 17. Bc5 Rc8 18. Bxe7+ Qxe7 19. Qa4 Qb4+ 20. Qxb4+ Nxb4
21. Bd3 Nxc2+ 22. Bxc2 Rxc2 23. Rd1 g6 24. Rd2 Rxd2 25. Kxd2 Bxb3 26. axb3 Ke7
27. Re1 Kd6 28. Kc3 f5 29. Rd1+ Kc6 30. Kb4 Rb8+ 31. Kc4 e4 32. fxe4 fxe4 33.
Re1 Re8 34. Re3 Re7 35. h4 a5 36. Kd4 Kd6 37. Kc4 Ke5 38. b4 axb4 39. Kxb4 Kd4
40. Re1 Rb7+ 41. Ka3 e3 42. b4 Kd3 43. Kb3 Kd2 44. Rh1 e2 45. Rh2 Kd1 46. Rh1+
e1=Q 47. Rxe1+ Kxe1 48. Kc4 Rf7 49. b5 Kf2 50. b6 Kg3 51. Kc5 Kxh4 52. Kc6 g5
53. b7 Rxb7 54. Kxb7 g4 55. Kc6 g3 56. Kd5 g2 57. Ke4 g1=Q 58. Kd3 Qg4 59. Ke3
Kg5 60. Kf2 Qh3 61. Ke2 Qc3 62. Kf2 Kf4 63. Kg2 Qd2+ 64. Kg1 Kf3 65. Kh1 Qg2#
0-1

[Event "NAYCC U12"]
[Site "Kingston CAN"]
[Date "2019.08.16"]
[Round "2.74"]
[White "Wu, Benjamin"]
[Black "Harish, Neeraj"]
[Result "1-0"]
[WhiteElo "1731"]
[BlackElo "1852"]
[PlyCount "123"]
[EventDate "2019.08.16"]
[EventType "swiss"]
[EventRounds "9"]
[EventCountry "CAN"]

1. d4 d5 2. c4 e6 3. Nf3 Nf6 4. Bg5 Be7 5. Nc3 h6 6. Bh4 O-O 7. e3 Ne4 8. Bxe7
Qxe7 9. Qc2 Nxc3 10. bxc3 b6 11. cxd5 exd5 12. Bd3 Be6 13. O-O Nd7 14. e4 c6
15. Rfe1 Rfe8 16. c4 dxc4 17. Bxc4 Bxc4 18. Qxc4 Rac8 19. a4 Nf6 20. Nd2 Qd7
21. f3 Red8 22. Nb3 Ne8 23. e5 Nc7 24. Rac1 Ne6 25. Red1 Qb7 26. Qb4 a5 27.
Nxa5 Qa8 28. Nb3 Rd5 29. Kh1 Rcd8 30. Rc3 c5 31. Qxb6 Rb8 32. Qa5 Qxa5 33. Nxa5
cxd4 34. Rb3 Rxb3 35. Nxb3 Rxe5 36. g3 Rd5 37. Kg2 Kf8 38. Kf2 Ke7 39. f4 Kd6
40. Ke2 f5 41. Kd3 g5 42. fxg5 hxg5 43. Kc4 Ke5 44. Re1+ Kd6 45. a5 Nc7 46. Rd1
d3 47. Rxd3 Rxd3 48. Kxd3 Kd5 49. Ke3 Na6 50. Nd2 Nc7 51. Nf3 Ne6 52. a6 Kc6
53. Nd4+ Nxd4 54. Kxd4 Kb6 55. Ke5 Kxa6 56. Kxf5 Kb6 57. Kxg5 Kc6 58. Kf6 Kd7
59. Kf7 Kd6 60. g4 Ke5 61. g5 Kf5 62. g6 1-0

[Event "NAYCC U12"]
[Site "Kingston CAN"]
[Date "2019.08.16"]
[Round "2.75"]
[White "Huang, Richard"]
[Black "Su, Kevin"]
[Result "1-0"]
[WhiteElo "1542"]
[BlackElo "1882"]
[PlyCount "85"]
[EventDate "2019.08.16"]
[EventType "swiss"]
[EventRounds "9"]
[EventCountry "CAN"]

1. e4 e5 2. Nf3 Nc6 3. d4 exd4 4. Bc4 Nf6 5. e5 d5 6. Bb5 Ne4 7. Nxd4 Bd7 8.
Bxc6 bxc6 9. O-O Bc5 10. c3 O-O 11. Nd2 Nxd2 12. Qxd2 Bb6 13. Kh1 Qe7 14. f4 c5
15. Nf3 Rad8 16. Qc2 d4 17. f5 Bb5 18. c4 Bc6 19. f6 gxf6 20. Bh6 fxe5 21. Bxf8
Rxf8 22. Qf5 f6 23. Nh4 Ba5 24. Qg4+ Qg7 25. Qe6+ Qf7 26. Qxc6 Qxc4 27. Rxf6
Bd2 28. Qe6+ Qxe6 29. Rxe6 Bf4 30. Rc6 e4 31. Rxc5 d3 32. Rf5 e3 33. Rxf8+ Kxf8
34. Kg1 Be5 35. Nf3 Bxb2 36. Rd1 d2 37. Kf1 Bg7 38. Ke2 Bh6 39. Nd4 c5 40. Nf5
Bf4 41. g3 Be5 42. Nxe3 Bc3 43. Nc4 1-0